| 000 | 01172cad a22002655a 4500 | ||
|---|---|---|---|
| 001 | L152764 | ||
| 008 | 110420s2011 xxk f 000 0 eng d | ||
| 020 | _a9781409829485 | ||
| 035 | _a(Sirsi) u152764 | ||
| 041 | 0 | _aeng | |
| 050 | 0 | 4 | _a306.1 $2 18 |
| 110 | 2 |
_aUnited Kingdom _bDepartment for Communities and Local Government _94939 |
|
| 245 | 0 | 0 |
_aDraft statistics plan for 2011-2012 _bconsultation _h[electronic resource] |
| 260 |
_aLondon _bDCLG _c2011 |
||
| 520 | _aOutlines DCLG's proposals for collecting and publishing official statistics over the period April 2011 to March 2012. Annexes set out detailed plans for a range of statistical themes including housing, planning and land use. | ||
| 520 | _aConsultation closes 16 May 2011. | ||
| 590 | _aKA NTK | ||
| 650 | 2 | 4 | _aENGLISH HOUSING SURVEY |
| 651 | 4 |
_aUnited Kingdom _y |
|
| 690 | _aPROPERTY-RESIDENTIAL PROPERTY | ||
| 690 | _aPROPERTY-PROPERTY ACQUISITION AND DISPOSAL | ||
| 690 | _aENVIRONMENT AND LAND CONSULTANCY-PLANNING AND DEVELOPMENT | ||
| 856 | 4 | 0 |
_uhttps://www.communities.gov.uk/documents/statistics/pdf/1885667.pdf _zView the item free of charge at www.communities.gov.uk |
| 942 | _n0 | ||
| 999 |
_c112205 _d112205 |
||